Hospodárska arbitráž v systéme riadenia národného hospodárstva
Enregistré dans:
| Auteur principal: | |
|---|---|
| Format: | Livre |
| Langue: | slovaque |
| Publié: |
Bratislava
Obzor
1985
|
| Tags: |
Pas de tags, Soyez le premier à ajouter un tag!
|
MARC
| LEADER | 00000nam a2200000 4500 | ||
|---|---|---|---|
| 001 | c105346 | ||
| 005 | 20230116103326.6 | ||
| 041 | 0 | |a slo | |
| 044 | |a SK | ||
| 245 | 1 | 0 | |a Hospodárska arbitráž v systéme riadenia národného hospodárstva |c Katarína Válková |
| 264 | 1 | |a Bratislava |b Obzor |c 1985 | |
| 300 | |a 186 s. | ||
| 100 | 1 | |a Válková, Katarína | |